Vliv spolehlivosti na ekonomii provozu elektrárenských bloků

Podrobná bibliografia
Hlavný autor: Hrabák, Jaroslav (Autor)
Médium: Článok
Jazyk:čeština
Fyzický popis:Grafy 2., lit. 3 zázn. v češ.
Predmet:

MARC

LEADER 00000nab a2200000 a 4500
001 vtls000251720
003 SK-MaSNL
005 20260302220928.0
008 160201c1985 xo 0 cze
015 |a SNBRA19rr/mm-uuuuu 
035 |a CL0261834 
040 |a SNKBUCL  |b slo  |c SNKBUCL  |e AACR2 
041 0 |a cze 
044 |a xo  |c SK 
080 |a 621.311-192:519.718  |2 1981 
080 |a 519.718  |2 1981 
080 |a 621.311-192  |2 1981 
100 1 |a Hrabák, Jaroslav  |4 aut  |9 384811 
245 1 0 |a Vliv spolehlivosti na ekonomii provozu elektrárenských bloků  |c Jaroslav Hrabák 
300 |b Grafy 2., lit. 3 zázn. v češ. 
650 0 7 |a elektrárne  |2 snkbucl  |9 26895 
650 0 7 |a prevádzková spoľahlivosť  |2 snkbucl  |9 93878 
655 7 |a články zo zborníkov  |2 snkbucl  |9 166140 
773 0 |t Spoľahlivosť v strojárstve 85  |d Banská Bystrica : Dom techniky ČSVTS, 1985  |g S. 156-162 
850 |a Slovenská národná knižnica v Martine  |a MTA001 
852 |a SNK  |b KIS3GCP 
958 |a RK 
958 |a CZ 
992 |a RZB 
999 |c 1509318  |d 1511248